| 000 | 00578nam a2200241Ia 4500 | ||
|---|---|---|---|
| 005 | 20251020182504.0 | ||
| 008 | 200515s9999 xx 000 0 und d | ||
| 020 | _a968-24-6238-X | ||
| 082 | _a625.87/P45 | ||
| 100 | _aPérez Alamá, Vicente | ||
| 245 | 0 | _aMateriales y procedimientos de construcción : pavimentos y pisos | |
| 250 | _a1a ed. | ||
| 260 | _aMéxico, D.F. | ||
| 260 | _bTrillas | ||
| 260 | _c2001 | ||
| 300 | _a96 p. | ||
| 300 | _bil., graf. | ||
| 500 | _a1 ejemplar | ||
| 650 | _aPAVIMENTOS | ||
| 650 | _aPISOS | ||
| 942 | _cLIB | ||
| 999 |
_c1237 _d1237 |
||